000 00448nam a2200169Ia 4500
003 GCL
008 140319s9999 xx 000 0 eng d
040 _aGCL /
_cGCL
082 0 4 _a709.73
_bH S
100 1 _aTRUSTCES, HONORARY
245 1 0 _aTHE SCHOOL OF THE ART INSTITUTE OF CHICAGO /
_cTRUSTCES, HONORARY
260 _a[S.N] :
_bTHE ART INSTITUTE OF CHICAE
300 _a65 P
650 0 4 _aARTS
650 0 4 _aART, INSTITUTE
942 _2ddc
_cBK
999 _c19512
_d19512